[Event "United Insurance 9th"]
[Site "Dhaka"]
[Date "2007.06.01"]
[Round "7"]
[White "Rahman, Ziaur"]
[Black "Abdul, Maleq"]
[Result "1/2-1/2"]
[WhiteElo "2543"]
[BlackElo "2255"]
[PlyCount "147"]
[EventDate "2007.05.27"]
[EventType "swiss"]
[EventRounds "10"]
[EventCountry "BAN"]
[SourceTitle "CBM 118 Extra"]
[Source "ChessBase"]
[SourceDate "2007.07.04"]
[SourceVersion "1"]
[SourceVersionDate "2007.07.04"]
[SourceQuality "1"]

1. d4 d5 2. c4 c6 3. Nf3 Nf6 4. Nc3 dxc4 5. a4 Bf5 6. e3 e6 7. Bxc4 Bb4 8. 0-0 0-0 9. Qe2 Nbd7 10. e4 Bg6 11. Bd3 h6 12. h3 Re8 13. Bf4 Rc8 14. Rfd1 a6 15. Na2 Bf8 16. b4 a5 17. bxa5 Qxa5 18. Nc1 c5 19. Nb3 Qa7 20. dxc5 Nxc5 21. Nxc5 Bxc5 22. a5 Red8 23. Ne5 Bh7 24. Nc4 Bd4 25. Rac1 g5 26. Bg3 Bxe4 27. Nd6 Rxc1 28. Rxc1 Bxd3 29. Qxd3 Ne8 30. Nxe8 Rxe8 31. Rc7 e5 32. Qb5 Re6 33. Rc8+ Kg7 34. Qb4 Rf6 35. Kh2 Qa6 36. Qf8+ Kg6 37. Qg8+ Kh5 38. Qg7 e4 39. Rc1 Qe2 40. Rg1 e3 41. Bc7 Qxf2 42. Rf1 Rf4 43. Rxf2 Bxg7 44. g4+ Kg6 45. Rxf4 gxf4 46. Bxf4 Bc3 47. Bxe3 Bxa5 48. Kg2 h5 49. Kf3 hxg4+ 50. hxg4 Bd8 51. Ke4 Bg5 52. Bb6 Bd2 53. Bd8 f6 54. Kd3 Bf4 55. Kc4 Kg5 56. Kb5 Be3 57. Be7 Bd4 58. Bd8 Kg6 59. Be7 Kf7 60. Bd8 Ke6 61. Bc7 Be5 62. Ba5 Kd7 63. Bb4 Bc7 64. Bc3 Ke6 65. Bd4 Kf7 66. Be3 Ke6 67. Bf2 Kd5 68. Bh4 Ke6 69. Be1 Kd7 70. Bd2 Be5 71. Be3 Kc7 72. Bh6 Kd7 73. Bg7 Ke7 74. Bxf6+ 1/2-1/2

[Event "BAN-ch 33rd"]
[Site "Dhaka"]
[Date "2007.04.12"]
[Round "10"]
[White "Abu Sufian, Sakil"]
[Black "Abdul, Maleq"]
[Result "1/2-1/2"]
[WhiteElo "2356"]
[BlackElo "2255"]
[PlyCount "143"]
[EventDate "2007.04.02"]
[EventType "tourn"]
[EventRounds "13"]
[EventCountry "BAN"]
[EventCategory "5"]
[SourceTitle "CBM 117 Extra"]
[Source "ChessBase"]
[SourceDate "2007.05.09"]
[SourceVersion "1"]
[SourceVersionDate "2007.05.09"]
[SourceQuality "1"]

1. e4 Nc6 2. Nf3 g6 3. d4 d6 4. d5 Ne5 5. Nxe5 dxe5 6. Bb5+ Bd7 7. Qe2 Nf6 8. 0-0 Bg7 9. Bxd7+ Qxd7 10. c4 0-0 11. Nc3 c6 12. Be3 cxd5 13. cxd5 Rfc8 14. f3 Ne8 15. Rac1 Nd6 16. b3 b5 17. Qd3 a5 18. a4 b4 19. Nb5 Bf6 20. Nxd6 exd6 21. Qd2 Bd8 22. Rxc8 Rxc8 23. Rc1 Qb7 24. Rxc8 Qxc8 25. Qd3 Kg7 26. g4 h6 27. Kf2 Bg5 28. Bxg5 hxg5 29. Qe3 Qc2+ 30. Kg1 Qb1+ 31. Kg2 Qd1 32. h3 Qc2+ 33. Kg1 Qb1+ 34. Kg2 Qd1 35. Kf2 Qc2+ 36. Kg1 Kg8 37. Kf1 Kh7 38. Kg1 Kg7 39. Kf1 Qh2 40. Qxg5 Qxh3+ 41. Kf2 Qh2+ 42. Kf1 Qh1+ 43. Kf2 Qh2+ 44. Kf1 Qh6 45. Qe7 Qe3 46. Kg2 Qxb3 47. Qxd6 Qe3 48. Qb8 b3 49. d6 Qd2+ 50. Kh3 Qd1 51. Kg2 Qc2+ 52. Kg3 b2 53. d7 b1Q 54. Qxb1 Qxb1 55. d8Q Qg1+ 56. Kh3 Qf2 57. Qd3 Kh6 58. Qc3 Kh7 59. Qxe5 Qxf3+ 60. Kh4 Qg2 61. g5 Qc2 62. Qxa5 Qxe4+ 63. Kg3 Qe3+ 64. Kg4 Qe2+ 65. Kg3 Qe3+ 66. Kg2 Qe2+ 67. Kg1 Qg4+ 68. Kf2 Qf4+ 69. Ke2 Qe4+ 70. Kd2 Qd4+ 71. Ke2 Qc4+ 72. Kf2 1/2-1/2

[Event "BAN-ch 33rd"]
[Site "Dhaka"]
[Date "2007.04.11"]
[Round "9"]
[White "Abdul, Maleq"]
[Black "Islam, Khandaker Aminul"]
[Result "0-1"]
[WhiteElo "2255"]
[BlackElo "2315"]
[PlyCount "86"]
[EventDate "2007.04.02"]
[EventType "tourn"]
[EventRounds "13"]
[EventCountry "BAN"]
[EventCategory "5"]
[SourceTitle "CBM 117 Extra"]
[Source "ChessBase"]
[SourceDate "2007.05.09"]
[SourceVersion "1"]
[SourceVersionDate "2007.05.09"]
[SourceQuality "1"]

1. Nf3 d5 2. c4 c6 3. e3 Nf6 4. Nc3 a6 5. d4 b5 6. b3 Bf5 7. Ne5 e6 8. c5 Nfd7 9. g4 Bg6 10. Nxd7 Nxd7 11. h4 h5 12. g5 Bf5 13. Bd3 Bxd3 14. Qxd3 e5 15. Bd2 g6 16. 0-0-0 Bg7 17. Rde1 0-0 18. Kb1 Re8 19. f3 exd4 20. exd4 Nf8 21. Rxe8 Qxe8 22. Re1 Qd7 23. f4 Re8 24. Rxe8 Qxe8 25. f5 gxf5 26. Be3 Ng6 27. Bf2 Qe6 28. Kc2 f4 29. a4 Qg4 30. axb5 axb5 31. Qe2 Qg2 32. Qe8+ Bf8 33. Qe2 f3 34. Qd2 Qg4 35. Qe3 Nxh4 36. Bxh4 Qxh4 37. Qxf3 Qxg5 38. Ne2 Bg7 39. Kc3 h4 40. Qf4 Qh5 41. Ng1 h3 42. Nf3 f5 43. Ng5 h2 0-1

[Event "United Insurance 8th"]
[Site "Dhaka"]
[Date "2005.04.12"]
[Round "9"]
[White "Abdul, Maleq"]
[Black "Ramu, K."]
[Result "1-0"]
[WhiteElo "2191"]
[BlackElo "2291"]
[PlyCount "157"]
[EventDate "2005.04.05"]
[EventType "swiss"]
[EventRounds "11"]
[EventCountry "BAN"]
[SourceTitle "CBM 105 Extra"]
[Source "ChessBase"]
[SourceDate "2005.05.01"]
[SourceVersion "1"]
[SourceVersionDate "2005.05.01"]
[SourceQuality "1"]

1. d4 Nf6 2. Nf3 c5 3. d5 g6 4. Nc3 d6 5. e4 Bg7 6. Be2 0-0 7. 0-0 Na6 8. h3 Nc7 9. a4 Rb8 10. Re1 a6 11. a5 b5 12. axb6 Rxb6 13. Bc4 Rb4 14. Qd3 Nd7 15. b3 Rb8 16. Ra2 Nb6 17. Bg5 h6 18. Bh4 g5 19. Bg3 f5 20. exf5 Bxf5 21. Qe3 Nxc4 22. bxc4 Rb4 23. Nd1 Rxc4 24. Qxe7 Qxe7 25. Rxe7 Nxd5 26. Rxg7+ Kxg7 27. Bxd6 Ra8 28. c3 Kg8 29. Rd2 Be6 30. Ne5 Ra4 31. Bxc5 Rc8 32. Bd4 Ra1 33. c4 Rxd1+ 34. Rxd1 Nf4 35. Be3 Bxc4 36. Bxf4 gxf4 37. Nxc4 Rxc4 38. Rd6 Rc1+ 39. Kh2 Rc2 40. f3 Rc7 41. Rxa6 Kg7 42. Ra4 Rf7 43. h4 Kg6 44. Ra6+ Kh5 45. Kh3 Rf5 46. Rb6 Rf7 47. Rb5+ Kg6 48. Kg4 Rf8 49. Ra5 Rf7 50. h5+ Kh7 51. Ra6 Rg7+ 52. Rg6 Rf7 53. g3 fxg3 54. Kxg3 Ra7 55. f4 Ra1 56. Rb6 Rg1+ 57. Kf3 Rh1 58. Rb7+ Kg8 59. Kg4 Ra1 60. Re7 Ra5 61. Re5 Ra6 62. Kf5 Kf7 63. Rb5 Rf6+ 64. Kg4 Ra6 65. Rb7+ Kg8 66. f5 Ra4+ 67. Kg3 Kf8 68. Rb6 Kg7 69. Rg6+ Kh7 70. f6 Ra1 71. Kf4 Rf1+ 72. Ke5 Re1+ 73. Kd6 Rd1+ 74. Ke7 Re1+ 75. Kf7 Ra1 76. Rg7+ Kh8 77. Rg8+ Kh7 78. Re8 Rh1 79. Re7 1-0

[Event "United Insurance 8th"]
[Site "Dhaka"]
[Date "2005.04.08"]
[Round "4"]
[White "Chowdhury, Sohel"]
[Black "Abdul, Maleq"]
[Result "1/2-1/2"]
[WhiteElo "2163"]
[BlackElo "2191"]
[PlyCount "115"]
[EventDate "2005.04.05"]
[EventType "swiss"]
[EventRounds "11"]
[EventCountry "BAN"]
[SourceTitle "CBM 105 Extra"]
[Source "ChessBase"]
[SourceDate "2005.05.01"]
[SourceVersion "1"]
[SourceVersionDate "2005.05.01"]
[SourceQuality "1"]

1. e4 d6 2. d4 g6 3. Nf3 Bg7 4. Nc3 Nf6 5. h3 0-0 6. Be3 Nbd7 7. Qd2 e5 8. 0-0-0 c6 9. dxe5 dxe5 10. Nxe5 Nxe4 11. Nxe4 Bxe5 12. Bd4 Qe7 13. f4 Bxd4 14. Qxd4 c5 15. Qd3 Nf6 16. Nxf6+ Qxf6 17. Qf3 Be6 18. Kb1 c4 19. g4 c3 20. Qxc3 Qxf4 21. Bd3 Rac8 22. Qa3 b6 23. b3 a5 24. Rdf1 Qg3 25. Rfg1 Qc7 26. h4 Qc5 27. Qxc5 Rxc5 28. Rh2 Kg7 29. Kb2 Rd8 30. h5 Kf6 31. hxg6 hxg6 32. Be2 Rd4 33. Bf3 Kg5 34. Rhg2 Re5 35. a4 Rf4 36. Bd1 Ree4 37. Rd2 Bxg4 38. Rd7 Rd4 39. Bxg4 Rxg4 40. Rxg4+ Rxg4 41. Rxf7 Rf4 42. Rb7 Rf6 43. c3 Kf4 44. b4 axb4 45. cxb4 g5 46. Rg7 g4 47. Kb3 Rf5 48. Kc4 Kf3 49. b5 g3 50. a5 Rf4+ 51. Kd5 bxa5 52. b6 Rb4 53. Kc6 a4 54. Rf7+ Ke2 55. Re7+ Kf1 56. Rf7+ Kg1 57. b7 a3 58. Rf3 1/2-1/2

[Event "Dhaka Leonine 2nd"]
[Site "Dhaka"]
[Date "2004.05.27"]
[Round "10"]
[White "Abdul, Maleq"]
[Black "Thapa, Krishna"]
[Result "1/2-1/2"]
[WhiteElo "2243"]
[BlackElo "2126"]
[PlyCount "130"]
[EventDate "2004.05.18"]
[EventType "tourn"]
[EventRounds "11"]
[EventCountry "BAN"]
[EventCategory "8"]
[SourceTitle "CBM 100 Extra"]
[Source "ChessBase"]
[SourceDate "2004.07.06"]
[SourceVersion "2"]
[SourceVersionDate "2004.07.06"]
[SourceQuality "1"]

1. d4 Nf6 2. Nf3 c5 3. d5 d6 4. Nc3 g6 5. e4 a6 6. a4 Bg7 7. Be2 Bg4 8. 0-0 0-0 9. h3 Bxf3 10. Bxf3 Nbd7 11. Bf4 Rb8 12. Qe2 Ne8 13. g4 Ne5 14. Bg2 Nf6 15. Bd2 b5 16. axb5 axb5 17. Nxb5 Qb6 18. Nc3 Ne8 19. f4 Nd7 20. Kh1 Nc7 21. Na4 Qb7 22. Bc3 f6 23. h4 Nb5 24. Qd3 Nxc3 25. Nxc3 c4 26. Qd2 Nc5 27. Ra2 Ra8 28. Rfa1 Rxa2 29. Rxa2 Ra8 30. Rxa8+ Qxa8 31. Kh2 Qa1 32. Nd1 Na4 33. b3 c3 34. Qe2 Nc5 35. Bf3 g5 36. f5 gxh4 37. Qe3 Nxb3 38. Qxc3 Qxc3 39. Nxc3 Nc5 40. Kh3 Kf7 41. Kxh4 Bh6 42. Nb5 Bg5+ 43. Kg3 Ke8 44. Kf2 Kd7 45. Ke2 Bh6 46. Kd1 Kc8 47. Bh1 Kd8 48. Nd4 Ke8 49. Nc6 Kf8 50. Ke2 Ke8 51. Kf3 Kd7 52. Bg2 Ke8 53. Bf1 Kf8 54. Bb5 Bg5 55. Nb8 Kf7 56. Bd7 Kf8 57. Be6 Ke8 58. Bg8 h6 59. Bh7 Kf8 60. Bg6 Bc1 61. Nc6 Bd2 62. Nd8 Bc1 63. Bf7 Bd2 64. Be6 Bc1 65. Nf7 Kg7 1/2-1/2

[Event "Dhaka Leonine 2nd"]
[Site "Dhaka"]
[Date "2004.05.25"]
[Round "8"]
[White "Abdul, Maleq"]
[Black "Reefat, Bin Sattar"]
[Result "0-1"]
[WhiteElo "2243"]
[BlackElo "2472"]
[PlyCount "92"]
[EventDate "2004.05.18"]
[EventType "tourn"]
[EventRounds "11"]
[EventCountry "BAN"]
[EventCategory "8"]
[SourceTitle "CBM 100 Extra"]
[Source "ChessBase"]
[SourceDate "2004.07.06"]
[SourceVersion "2"]
[SourceVersionDate "2004.07.06"]
[SourceQuality "1"]

1. d4 e6 2. Nf3 d5 3. c4 c6 4. e3 Nf6 5. Bd3 Nbd7 6. 0-0 dxc4 7. Bxc4 a6 8. a4 c5 9. Nc3 Qc7 10. Bb3 b6 11. d5 c4 12. Bc2 Bb7 13. e4 e5 14. Bg5 Bb4 15. Nd2 0-0 16. Kh1 Ne8 17. Qe2 f6 18. Be3 Rc8 19. f4 Bd6 20. f5 Be7 21. Qh5 Nd6 22. Rf3 Rf7 23. Rh3 Nf8 24. Nf3 Ne8 25. Nh4 Bc5 26. Bd2 Rd8 27. Ng6 h6 28. Qg4 Nxg6 29. Qxg6 Kf8 30. Bd1 Ke7 31. Bh5 Rf8 32. Qh7 Kd6 33. Rg3 Rd7 34. Ne2 Re7 35. Nf4 g5 36. Qxh6 exf4 37. Rxg5 Kd7 38. Qxf8 fxg5 39. Re1 Bxd5 40. f6 Rxe4 41. Bxe8+ Kd8 42. Qh8 Rxe1+ 43. Bxe1 Qe5 44. Bb5+ Kc7 45. Qe8 Qxe8 46. Bxe8 f3 0-1

[Event "Dhaka Leonine 2nd"]
[Site "Dhaka"]
[Date "2004.05.22"]
[Round "5"]
[White "Abdul, Maleq"]
[Black "Nguyen, Anh Dung"]
[Result "0-1"]
[WhiteElo "2243"]
[BlackElo "2535"]
[PlyCount "66"]
[EventDate "2004.05.18"]
[EventType "tourn"]
[EventRounds "11"]
[EventCountry "BAN"]
[EventCategory "8"]
[SourceTitle "CBM 100 Extra"]
[Source "ChessBase"]
[SourceDate "2004.07.06"]
[SourceVersion "2"]
[SourceVersionDate "2004.07.06"]
[SourceQuality "1"]

1. Nf3 Nf6 2. d4 c5 3. g3 cxd4 4. Nxd4 d5 5. Bg2 e5 6. Nb3 Nc6 7. Bg5 Be6 8. 0-0 Be7 9. Nc3 d4 10. Nb1 Qb6 11. e3 h6 12. Bxf6 Bxf6 13. exd4 exd4 14. N1d2 0-0 15. Ne4 Be7 16. Kh1 Rad8 17. f4 Rfe8 18. Nf2 Nb4 19. a3 Nxc2 20. Qxc2 Bxb3 21. Qd3 Bf8 22. Ne4 Ba4 23. Qd2 d3 24. f5 Rc8 25. Qxd3 Bb5 26. Qf3 Bxf1 27. Rxf1 Qxb2 28. f6 g6 29. h4 Rc2 30. Nf2 Ree2 31. Nd3 Rxg2 32. Nxb2 Rh2+ 33. Kg1 Bc5+ 0-1

[Event "United Insurance 7th"]
[Site "Dhaka"]
[Date "2004.05.12"]
[Round "8"]
[White "Abdul, Maleq"]
[Black "Haque, Rezaul"]
[Result "1-0"]
[WhiteElo "2243"]
[BlackElo "2181"]
[PlyCount "70"]
[EventDate "2004.05.07"]
[EventType "swiss"]
[EventRounds "11"]
[EventCountry "BAN"]
[SourceTitle "CBM 100 Extra"]
[Source "ChessBase"]
[SourceDate "2004.07.06"]
[SourceVersion "2"]
[SourceVersionDate "2004.07.06"]
[SourceQuality "1"]

1. Nf3 d6 2. d4 Nf6 3. Nc3 Bg4 4. e4 Nbd7 5. h3 Bh5 6. e5 dxe5 7. dxe5 Ng8 8. e6 fxe6 9. Bc4 Nb6 10. Qxd8+ Rxd8 11. Bxe6 Bxf3 12. gxf3 c6 13. Bf4 Nd7 14. 0-0-0 Ngf6 15. Ne4 Ra8 16. Rhe1 Nb6 17. Ng5 Nfd5 18. Be3 h6 19. Nf7 Rh7 20. Bxb6 axb6 21. Ne5 g6 22. Bd7+ Kd8 23. c4 Nf6 24. Nxg6 Kc7 25. Bf5 Rg7 26. Nf4 Rg8 27. Ne6+ Kb8 28. Re3 Ra5 29. Bb1 Bg7 30. Rg1 Bh8 31. Rxg8+ Nxg8 32. Rd3 Ra8 33. Rd7 Bf6 34. Bh7 Ka7 35. c5 Ka6 1-0

[Event "United Insurance 7th"]
[Site "Dhaka"]
[Date "2004.05.10"]
[Round "5"]
[White "Islam, Mohammad Aminul"]
[Black "Abdul, Maleq"]
[Result "0-1"]
[WhiteElo "2205"]
[BlackElo "2243"]
[PlyCount "170"]
[EventDate "2004.05.07"]
[EventType "swiss"]
[EventRounds "11"]
[EventCountry "BAN"]
[SourceTitle "CBM 100 Extra"]
[Source "ChessBase"]
[SourceDate "2004.07.06"]
[SourceVersion "2"]
[SourceVersionDate "2004.07.06"]
[SourceQuality "1"]

1. Nf3 Nf6 2. d4 d5 3. g3 Bf5 4. Bg2 e6 5. 0-0 c5 6. c4 Nc6 7. cxd5 Nxd5 8. Nc3 Nxc3 9. bxc3 Be4 10. Be3 Qa5 11. Qb3 cxd4 12. Nxd4 Bxg2 13. Kxg2 Qa6 14. Nb5 Rc8 15. Rfd1 Be7 16. Bf4 0-0 17. Nc7 Qxe2 18. Rd2 Qe4+ 19. f3 Qf5 20. Qxb7 g5 21. Qxc6 gxf4 22. Qb7 Bf6 23. g4 Qe5 24. Na6 Rxc3 25. Rad1 Re3 26. Qxa7 h5 27. h3 hxg4 28. hxg4 Re2+ 29. Kf1 Rxd2 30. Rxd2 Rc8 31. Kg2 Rc1 32. Qb8+ Qxb8 33. Nxb8 Bc3 34. Re2 Bd4 35. a4 Rg1+ 36. Kh2 Rg3 37. Nc6 Bg1+ 38. Kh1 Be3 39. Ne5 Rg1+ 40. Kh2 Ra1 41. Nc4 Bg1+ 42. Kg2 Rxa4 43. Nd2 Be3 44. Ne4 Kg7 45. g5 Kg6 46. Rb2 Kf5 47. Rb7 Ra7 48. Rb5+ Kg6 49. Rb8 Bd4 50. Rb4 Be5 51. Rc4 Bc7 52. Kh3 Bd8 53. Kg4 Ra5 54. Rc8 Rd5 55. Kxf4 Bxg5+ 56. Nxg5 Rf5+ 57. Ke4 Kxg5 58. Rg8+ Kf6 59. Rg4 Ra5 60. Rf4+ Ke7 61. Ke3 Ra3+ 62. Kf2 f5 63. Rb4 Kf6 64. Rb6 Ke5 65. Rb5+ Kf4 66. Rb4+ Kg5 67. Rb6 Ra2+ 68. Kf1 e5 69. Rb4 Rd2 70. Ke1 Rd4 71. Rb5 Kf4 72. Ke2 Ra4 73. Rb2 Kg3 74. Rb3 Ra2+ 75. Ke1 f4 76. Rb5 Kxf3 77. Rxe5 Ra1+ 78. Kd2 Kf2 79. Re2+ Kf1 80. Re7 Ra2+ 81. Kd1 f3 82. Re1+ Kg2 83. Re7 Ra1+ 84. Kd2 f2 85. Rg7+ Kh3 0-1

[Event "BAN-ch 30th"]
[Site "Dhaka"]
[Date "2004.04.06"]
[Round "10"]
[White "Abdul, Maleq"]
[Black "Ahmed, Sk Nasir"]
[Result "0-1"]
[WhiteElo "2250"]
[BlackElo "2280"]
[PlyCount "144"]
[EventDate "2004.03.28"]
[EventType "tourn"]
[EventRounds "13"]
[EventCountry "BAN"]
[EventCategory "2"]
[SourceTitle "CBM 099 Extra"]
[Source "ChessBase"]
[SourceDate "2004.05.04"]
[SourceVersion "1"]
[SourceVersionDate "2004.05.04"]
[SourceQuality "1"]

1. Nf3 Nf6 2. c4 e6 3. Nc3 Bb4 4. Qc2 b6 5. g3 Bb7 6. Bg2 0-0 7. 0-0 d5 8. cxd5 exd5 9. d4 Nbd7 10. Bf4 c6 11. Rfd1 Re8 12. Rac1 Nf8 13. e3 Nh5 14. Ne2 Ne6 15. Ne5 Nhxf4 16. gxf4 Rc8 17. Qa4 a5 18. Ng3 Bf8 19. Bh3 c5 20. Qd7 Qxd7 21. Nxd7 cxd4 22. Nxf8 Rxc1 23. Rxc1 Kxf8 24. Bxe6 Rxe6 25. exd4 Rc6 26. Rxc6 Bxc6 27. Kg2 Ke7 28. Kf3 Bd7 29. f5 Kf6 30. Kf4 Bxf5 31. Nh5+ Kg6 32. Ng3 Bh3 33. Ke5 Bg2 34. h4 Bf3 35. Nf5 f6+ 36. Kf4 Be4 37. Ne7+ Kf7 38. Nc8 Bb1 39. a3 Ke6 40. Nxb6 Bc2 41. Ke3 Bb3 42. Kd3 Kd6 43. Kc3 Kc7 44. Na8+ Kb7 45. Kxb3 Kxa8 46. f4 Kb7 47. Kc3 Kb6 48. b3 a4 49. b4 g6 50. Kd3 Kb5 51. Kc3 h6 52. Kd3 g5 53. fxg5 fxg5 54. h5 Kb6 55. Ke3 Kc6 56. Ke2 Kb5 57. Kd3 g4 58. Ke3 Kc4 59. Kf4 Kxd4 60. Kxg4 Ke3 61. b5 d4 62. b6 d3 63. b7 d2 64. b8Q d1Q+ 65. Kh4 Qh1+ 66. Kg3 Qf3+ 67. Kh4 Qf4+ 68. Qxf4+ Kxf4 69. Kh3 Kg5 70. Kg3 Kxh5 71. Kf4 Kg6 72. Kg4 Kf6 0-1

[Event "BAN-ch 30th"]
[Site "Dhaka"]
[Date "2004.04.01"]
[Round "5"]
[White "Abdul, Maleq"]
[Black "Reefat, Bin Sattar"]
[Result "0-1"]
[WhiteElo "2250"]
[BlackElo "2459"]
[PlyCount "84"]
[EventDate "2004.03.28"]
[EventType "tourn"]
[EventRounds "13"]
[EventCountry "BAN"]
[EventCategory "2"]
[SourceTitle "CBM 099 Extra"]
[Source "ChessBase"]
[SourceDate "2004.05.04"]
[SourceVersion "1"]
[SourceVersionDate "2004.05.04"]
[SourceQuality "1"]

1. d4 d5 2. c4 e6 3. Nf3 Nf6 4. Nc3 Be7 5. Bf4 0-0 6. e3 Nbd7 7. cxd5 Nxd5 8. Nxd5 exd5 9. Bd3 c5 10. 0-0 c4 11. Bb1 b5 12. Qc2 g6 13. a4 b4 14. a5 Ba6 15. Re1 b3 16. Qd2 f5 17. Ne5 Qc8 18. f3 Nxe5 19. Bxe5 Qb7 20. Qf2 Bb4 21. Rc1 Rac8 22. Rc3 Qe7 23. f4 Rc6 24. Qf3 Rd8 25. Qg3 Bc8 26. Ra4 Ra6 27. h4 Bd7 28. Ra1 h5 29. Kh2 Kh7 30. Kh3 Rxa5 31. Rxa5 Bxa5 32. Rc1 Re8 33. Qf3 Bd8 34. g3 Be6 35. Qf2 a5 36. Kg2 a4 37. Rh1 Kh6 38. g4 hxg4 39. Kg3 a3 40. Qh2 Kh5 41. Qe2 a2 42. e4 Qxh4+ 0-1

[Event "BAN-ch 30th"]
[Site "Dhaka"]
[Date "2004.03.30"]
[Round "3"]
[White "Abdul, Maleq"]
[Black "Uddin, Saif"]
[Result "1/2-1/2"]
[WhiteElo "2250"]
[BlackElo "2254"]
[PlyCount "90"]
[EventDate "2004.03.28"]
[EventType "tourn"]
[EventRounds "13"]
[EventCountry "BAN"]
[EventCategory "2"]
[SourceTitle "CBM 099 Extra"]
[Source "ChessBase"]
[SourceDate "2004.05.04"]
[SourceVersion "1"]
[SourceVersionDate "2004.05.04"]
[SourceQuality "1"]

1. d4 Nf6 2. c4 e6 3. Nf3 b6 4. Nc3 Bb7 5. Qc2 Bb4 6. a3 Bxc3+ 7. Qxc3 0-0 8. Bg5 d6 9. g3 Nbd7 10. Bg2 h6 11. Bf4 Ne4 12. Qc2 f5 13. h4 Qe8 14. c5 bxc5 15. dxc5 Ndxc5 16. Rc1 e5 17. Be3 Rf7 18. g4 fxg4 19. Nh2 Nf6 20. Bxb7 Nxb7 21. Rg1 h5 22. Nf1 d5 23. Ng3 Nd6 24. Bg5 Nde4 25. Bxf6 Nxf6 26. Qg6 Rd7 27. Qg5 Rb8 28. Rc6 Rb6 29. Rxf6 Rxf6 30. Nxh5 Rg6 31. Qe3 Qe7 32. Qxa7 Qxh4 33. Ng3 Qg5 34. Kf1 Qc1+ 35. Kg2 Qxb2 36. Qa8+ Kh7 37. Rh1+ Rh6 38. Rxh6+ gxh6 39. Qf8 Qc2 40. Nh5 Qe4+ 41. Kg3 Kg6 42. Qe8+ Rf7 43. Qe6+ Kxh5 44. Qxf7+ Kg5 45. Qg7+ Kh5 1/2-1/2